000 00704nam a2200265Ia 4500
003 OSt
005 20220918164304.0
006 a|||||r|||| 00| 0
007 ta
008 220917b |||||||| |||| 00| 0 eng d
020 _a0521306965
024 _a37,560
037 _cTextual
040 _aARTS
_cARTS
_beng
041 _2eng
_aeng
082 _aO13,1x, 111M8
100 _aHopkinson Neil ed
_918118
245 0 _aHellenistic anthology
260 _aCambridge
_bCUP
_c1988
300 _a288p.
_ccm.
490 _aCambridge Greek and latin classics
650 _aENGLISH LITERATURE
942 _hO13,1x, 111M8
_cTEXL
_2CC
999 _c124050
_d124050